000 00625 a2200217 4500
020 _a0-690-38146-8
041 _aEng
082 _a370.1
_bG198h
100 _aGruber, Frederick C
_919182
245 _aHistorical and contemporary philosophies of education
260 _aNew York
_bThomas Y. Crowell
_c1973
300 _aviii, 260p. illus map
504 _aBibliography at the end of each chapter
518 _a2067-11-11
650 _aEducational philosophy
_94917
650 _aEducational history
_96127
650 _aClassrooms
_917382
650 _aIdealism
_9893
653 _aEducation
942 _2ddc
_cGEN
999 _c58936
_d58924